Rammstein - nagła śmierć - Statystyki

Ogólne statystyki
  • Ten quiz został rozwiązany 97 razy
  • Średni wynik to 11 z 14
Answers on the Grid
Answers color-coded by a green-red scale on the quiz's grid according to % correct below.
Die immer lacht
Rosen
Deutschland
Passe
Angst
Mutter
Keine Lust
Feuer frei!
Radio
Stunden
Passenger
Ich will
England
Links 2 3 4
Armee der Tristen
Amerika
Tod
Bruder
Frieden, frieden
Sick bubblegum
Unheil
It's my Life
Puppe
Omen
Was ich liebe
Zeig Dich
Children
Tattoo
 
Statystyki odpowiedzi
Odpowiedź % Poprawnych
Deutschland
96%
Amerika
93%
Ich will
93%
Keine Lust
87%
Feuer frei!
86%
Radio
86%
Mutter
84%
Links 2 3 4
81%
Angst
79%
Puppe
73%
Zeig Dich
73%
Was ich liebe
70%
Tattoo
66%
Armee der Tristen
64%
Nie znaleziono quizów pasujących do podanych kryteriów
Rozkład punktacji
Procent ludzi z każdym wynikiem
Percentyl według liczby udzielonych odpowiedzi
Twoja historia wyników
Nie rozwiązałeś tego quizu